Explorando el cielo austral (Record no. 6217)

MARC details
000 -LEADER
campo de control de longitud fija 00827nam a2200229 i 4500
001 - NÚMERO DE CONTROL
campo de control 6217
003 - IDENTIFICADOR DE NÚMERO DE CONTROL
campo de control ES-MaACL
005 - FECHA Y HORA DE LA ÚLTIMA TRANSACCIÓN
campo de control 20230906144833.0
007 - CAMPO FIJO DE DESCRIPCIÓN FÍSICA--INFORMACIÓN GENERAL
campo de control de longitud fija t|
008 - DATOS DE LONGITUD FIJA--INFORMACIÓN GENERAL
campo de control de longitud fija 890829s1988 sp ||||1| spa d
020 ## - NÚMERO INTERNACIONAL ESTÁNDAR DEL LIBRO
Número Internacional Estándar del Libro 84-86639-14-X
080 ## - NÚMERO DE LA CLASIFICACIÓN DECIMAL UNIVERSAL
Número de la Clasificación Decimal Universal 522.1
100 1# - ENTRADA PRINCIPAL--NOMBRE DE PERSONA
Nombre de persona Lautsen, Svend.
9 (RLIN) 70667
245 10 - MENCIÓN DEL TÍTULO
Título Explorando el cielo austral
Resto del título : un atlas fotográfico del Observatorio Europeo Austral (ESO) /
Mención de responsabilidad, etc. Svend Lautsen, Claus Madsen, Richard M. West.
260 ## - PUBLICACIÓN, DISTRIBUCIÓN, ETC.
Lugar de publicación, distribución, etc. Madrid :
Nombre del editor, distribuidor, etc. Equipo Sirius,
Fecha de publicación, distribución, etc. D.L. 1988.
300 ## - DESCRIPCIÓN FÍSICA
Extensión VI, 274 p. + [1] h. de lam. pleg. :
Otras características físicas principalmente il. ;
Dimensiones 25x30 cm.
650 ## - PUNTO DE ACCESO ADICIONAL DE MATERIA--TÉRMINO DE MATERIA
Término de materia o nombre geográfico como elemento de entrada Astronomía-
Subdivisión de forma Atlas.
9 (RLIN) 10387
700 1# - ENTRADA AGREGADA--NOMBRE PERSONAL
Nombre de persona Madsen, Claus.
9 (RLIN) 75374
700 1# - ENTRADA AGREGADA--NOMBRE PERSONAL
Nombre de persona West, Richard M.
9 (RLIN) 116554
710 2# - ENTRADA AGREGADA--NOMBRE DE ENTIDAD CORPORATIVA
Nombre de entidad corporativa o nombre de jurisdicción como elemento de entrada Observatorio Europeo Austral (Munich, R. F.)
9 (RLIN) 6009
852 ## - LOCALIZACIÓN
Ubicación ES-MaACL
Número de control de estantería L-13350
Sublocalización o colección R.116720
Nota libre . - cart.
Holdings
Estatus retirado Estado de pérdida Estado de daño No para préstamo Biblioteca de origen Biblioteca actual Ubicación en estantería Fecha de adquisición Fuente de adquisición Total de préstamos Signatura topográfica completa Código de barras Visto por última vez Precio de reemplazo Tipo de ítem Koha
        Biblioteca del Ateneo de Madrid Biblioteca del Ateneo de Madrid Depósito 2 17/01/2008     L-13350 1006328 23/02/2023 23/02/2023 Libro impreso